00460nam a2200157Ia 450000500170000000800410001708200130005810000210007124500190009226000400011130000120015150000190016394200060018295200990018899900150028720250406071132.0240331s9999 xx 000 0 und d bSANa894 aSanmugalingan, N 0aSanthana medai aJaffnabNagalingam Noolalayamc1992 a54 p ., aPoems in Tamil cL 001040708LaWERCLbWERCLcSSCd2024-03-31l0o 894.811 SANp5803r2024-03-31w2024-03-31yL c3804d3804